THE SHORT TEXT BOOK OF MEDICAL MICROBIOLOGY (Record no. 3652)

MARC details
000 -LEADER
fixed length control field 00378nam a2200145Ia 4500
008 - FIXED-LENGTH DATA ELEMENTS--GENERAL INFORMATION
fixed length control field 150201s2006 xx 000 0 und d
082 ## - DEWEY DECIMAL CLASSIFICATION NUMBER
Classification number 616.01
Item number M2006G
100 ## - MAIN ENTRY--PERSONAL NAME
Personal name GUPTE,SATISH
245 ## - TITLE STATEMENT
Title THE SHORT TEXT BOOK OF MEDICAL MICROBIOLOGY
250 ## - EDITION STATEMENT
Edition statement 9TH
260 ## - PUBLICATION, DISTRIBUTION, ETC. (IMPRINT)
Name of publisher, distributor, etc. JAYPEE MEDICAL PUBLISHER
Place of publication, distribution, etc. DELHI
Date of publication, distribution, etc. 2006
300 ## - PHYSICAL DESCRIPTION
Extent 1-509
650 ## - SUBJECT ADDED ENTRY--TOPICAL TERM
Topical term or geographic name as entry element MICROBIOLOGY
942 ## - ADDED ENTRY ELEMENTS (KOHA)
Source of classification or shelving scheme Dewey Decimal Classification
Koha item type Books
Koha issues (borrowed), all copies 2
Holdings
Withdrawn status Lost status Source of classification or shelving scheme Damaged status Not for loan Home library Current library Date acquired Source of acquisition Cost, normal purchase price Serial Enumeration / chronology SGTU Bill Number Total Checkouts Full call number Barcode Date last seen Date last checked out Bill Date Koha item type
    Dewey Decimal Classification     SGT Dental Library SGT Dental Library 15/01/2007 U.B.S.DELHI 295.00 1 SGTU 1048 3 616.01 M2006G FD4368 19/04/2025 19/04/2025 22/08/2012 Books
    Dewey Decimal Classification     SGT Dental Library SGT Dental Library 15/01/2007 U.B.S.DELHI 295.00 1 SGTU 1048 2 616.01 M2006G FD4369 02/05/2022 02/05/2022 22/08/2012 Books